Воины Красной Армии! Неустанно совершенствуйте свое боевое мастерство, полностью используйте нашу прекрасную боевую технику ... (Запись № 13329044)
[ простой вид ]
| 000 -МАРКЕР | |
|---|---|
| контрольное поле | 06444nkm0a2200565 4500 |
| 001 - ИДЕНТИФИКАТОР ЗАПИСИ | |
| контрольное поле | RU\NLR\BIBL_A\011167099 |
| 005 - ИДЕНТИФИКАТОР ВЕРСИИ | |
| контрольное поле | 20260408075234.0 |
| 020 ## - НОМЕР ДОКУМЕНТА В НАЦИОНАЛЬНОЙ БИБЛИОГРАФИИ | |
| Код страны | российская федерация |
| Номер | 1010 (1944-VII) |
| Основное заглавие издания Российской книжной палаты | Ленинград в Великой Отечественной войне : Печать Ленинграда. 1941-1945 : каталог изд., хранящихся в фондах Гос. Публ. б-ки. Вып. 2. Листовки, плакаты, открытки, альбомы / [сост. И.В. Разова, Ю.А. Фельдман, Е.М. Тепер и др.] ; М-во культуры РСФСР. Гос. Публ. б-ка им. М.Е. Салтыкова-Щедрина. - Ленинград, 1972 |
| 020 ## - НОМЕР ДОКУМЕНТА В НАЦИОНАЛЬНОЙ БИБЛИОГРАФИИ | |
| Код страны | российская федерация |
| Номер | 132 |
| Основное заглавие издания Российской книжной палаты | Ленинградские "Окна ТАСС" 1941-1945 : из собрания Отдела эстампов Российской национальной библиотеки : иллюстрированный каталог / Рос. нац. б-ка ; [сост.: М. Ю. Мельникова и др. ; авт. вступ. ст. и биогр. материалов: И. В. Селиванова]. - Санкт-Петербург: Изд-во Российской национальной библиотеки, 2015 |
| 035 ## - ДРУГИЕ СИСТЕМНЫЕ НОМЕРА | |
| Идентификатор записи | (NLR Aleph) 011167099 |
| 071 50 - ИЗДАТЕЛЬСКИЙ НОМЕР | |
| Цена | 7 р. |
| -- | 3000 |
| 100 ## - ДАННЫЕ ОБЩЕЙ ОБРАБОТКИ | |
| Данные общей обработки | 20160628j1944 u y0rusy50 ca |
| 101 0# - ЯЗЫК РЕСУРСА | |
| Язык текста, звукозаписи и т.д. | русский |
| 102 ## - СТРАНА ПУБЛИКАЦИИ ИЛИ ПРОИЗВОДСТВА | |
| Страна публикации | российская федерация |
| 116 ## - ПОЛЕ КОДИРОВАННЫХ ДАННЫХ: ИЗОБРАЗИТЕЛЬНЫЕ МАТЕРИАЛЫ | |
| Кодированные данные для изобразительных материалов. | iiycxx bf ad |
| 135 ## - ПОЛЕ КОДИРОВАННЫХ ДАННЫХ: ЭЛЕКТРОННЫЕ РЕСУРСЫ | |
| Кодированные данные для электронного ресурса | crcn 024anaba |
| 200 1# - ЗАГЛАВИЕ И СВЕДЕНИЯ ОБ ОТВЕТСТВЕННОСТИ | |
| Основное заглавие | Воины Красной Армии! Неустанно совершенствуйте свое боевое мастерство, полностью используйте нашу прекрасную боевую технику ... |
| Общее обозначение материала | Изоматериал |
| Сведения, относящиеся к заглавию | [плакат] |
| Первые сведения об ответственности | художник В. Селиванов |
| 210 ## - ПУБЛИКАЦИЯ, РАСПРОСТРАНЕНИЕ И ДР. | |
| Место издания, распространения и т.д. | [Ленинград] |
| Дата издания, распространения и т.д. | 1944 |
| Имя изготовителя | ЛТ УН-9 |
| 215 ## - ФИЗИЧЕСКАЯ ХАРАКТЕРИСТИКА | |
| Специфическое обозначение материала и объем | 1 л. (3 изобр.) |
| Другие сведения о физической характеристике | хромолитография |
| Размеры | 52х69 |
| 225 1# - СЕРИЯ | |
| Основное заглавие серии | Окно ТАСС |
| Наименование части | Ленинград |
| Обозначение тома | 1944, № 7 (май) |
| 300 ## - ОБЩИЕ ПРИМЕЧАНИЯ | |
| Текст примечания | Текст лозунга: Воины Красной Армии! Неустанно совершенствуйте свое боевое мастерство, полностью используйте нашу прекрасную боевую технику, бейте вражеские войска до полного их разгрома! Рабочие и работницы, инженеры и техники предприятий, изготовляющих вооружение и боеприпасы! Непрерывно совершенствуйте вооружение Красной Армии, увеличивайте выпуск орудий, минометов, пулеметов, автоматов, винтовок, снарядов, патронов и мин! Все для фронта, все для победы! |
| 300 ## - ОБЩИЕ ПРИМЕЧАНИЯ | |
| Текст примечания | На листе также текст стихотворения В. Саянова "Первомай": Пылает небо, пылают дали, Все шире, шире встает рассвет ... |
| 316 ## - ПРИМЕЧАНИЯ ОБ ОСОБЕННОСТЯХ ЭКЗЕМПЛЯРА | |
| Текст примечания | Экз. РНБ на шифре Э ПлИр995/ОКТЛ-44, Э040727: 52х69,5 см |
| Организация и экземпляр, к которому относится поле | NLR: Э ПлИр995/ОКТЛ-44 |
| 325 1# - ПРИМЕЧАНИЕ О КОПИИ | |
| Текст примечания | Копия доступна в электронной библиотеке РНБ |
| 464 #0 - АНАЛИТИЧЕСКИЙ УРОВЕНЬ | |
| Встроенное поле | 2001#$aПервомай$eПылает небо, пылают дали, Все шире, шире встает рассвет ...$fВ. Саянов |
| -- | 5171#$aПылает небо, пылают дали, Все шире, шире встает рассвет ... |
| -- | 700#1$aСаянов$bВ.М.$f1903-1959$gВиссарион Михайлович$3RU\NLR\AUTH\7775061 |
| Заглавие | Первомай |
| Автор | Саянов, Виссарион Михайлович (1903-1959) |
| 517 1# - ДРУГИЕ ВАРИАНТЫ ЗАГЛАВИЯ | |
| Вариант заглавия | Воины Красной Армии! Неустанно совершенствуйте свое боевое мастерство, полностью используйте нашу прекрасную боевую технику, бейте вражеские войска до полного их разгрома! Рабочие и работницы, инженеры и техники предприятий, изготовляющих вооружение и боеприпасы! Непрерывно совершенствуйте вооружение Красной Армии, увеличивайте выпуск орудий, минометов, пулеметов, автоматов, винтовок, снарядов, патронов и мин! Все для фронта, все для победы! |
| 517 1# - ДРУГИЕ ВАРИАНТЫ ЗАГЛАВИЯ | |
| Вариант заглавия | Все силы на помощь фронту! |
| 606 1# - НАИМЕНОВАНИЕ ТЕМЫ КАК ПРЕДМЕТ | |
| Наименование темы | Плакат русский советский |
| Географический подзаголовок | Ленинград, город |
| Хронологический подзаголовок | 1941 - 1945 |
| Системный номер авторитетной/нормативной записи | 2096368 |
| Идентификатор авторитетной/нормативной записи | RU\NLR\AUTH\661571886 |
| 606 1# - НАИМЕНОВАНИЕ ТЕМЫ КАК ПРЕДМЕТ | |
| Наименование темы | Великая Отечественная война |
| Формальный подзаголовок | Плакаты |
| Хронологический подзаголовок | 1941 - 1945 |
| Системный номер авторитетной/нормативной записи | 903571 |
| Идентификатор авторитетной/нормативной записи | RU\NLR\AUTH\668893 |
| 686 0# - ИНДЕКСЫ ДРУГИХ КЛАССИФИКАЦИЙ | |
| Индекс | Щ153(2Р=Рус)7-466 |
| 700 #1 - ИМЯ ЛИЦА - ПЕРВИЧНАЯ ОТВЕТСТВЕННОСТЬ | |
| Начальный элемент ввода | Селиванов |
| Часть имени, кроме начального элемента ввода | В. Н. |
| Даты | 1902-1982 |
| Расширение инициалов личного имени | Василий Николаевич |
| Код отношения | Карикатурист, Художник |
| 712 02 - НАИМЕНОВАНИЕ ОРГАНИЗАЦИИ - ВТОРИЧНАЯ ОТВЕТСТВЕННОСТЬ | |
| Код отношения | Прочие |
| Начальный элемент ввода | Телеграфное агентство СССР |
| Структурное подразделение | Редакция военно-оборонного плаката "Окна ТАСС" |
| Идентификатор авторитетной/нормативной записи | RU\NLR\AUTH\8810071442 |
| Системный номер авторитетной/нормативной записи | 644791 |
| 712 02 - НАИМЕНОВАНИЕ ОРГАНИЗАЦИИ - ВТОРИЧНАЯ ОТВЕТСТВЕННОСТЬ | |
| Код отношения | Прочие |
| Начальный элемент ввода | Телеграфное агентство СССР |
| Структурное подразделение | Ленинградское областное отделение |
| Идентификатор авторитетной/нормативной записи | RU\NLR\AUTH\885717 |
| Системный номер авторитетной/нормативной записи | 283123 |
| 852 ## - МЕСТОНАХОЖДЕНИЕ И ШИФР ХРАНЕНИЯ | |
| Идентификатор организации | NLR |
| Наименование фонда или коллекции (Sub-Location Identifier) | Л3-310п |
| Шифр хранения (Call Number) | 29/2-4/1944-7 |
| 852 ## - МЕСТОНАХОЖДЕНИЕ И ШИФР ХРАНЕНИЯ | |
| Идентификатор организации | NLR |
| Наименование фонда или коллекции (Sub-Location Identifier) | Э |
| Шифр хранения (Call Number) | ПлИр995/ОКТЛ-44 |
| Идентификатор единицы | Э040726 |
| 852 ## - МЕСТОНАХОЖДЕНИЕ И ШИФР ХРАНЕНИЯ | |
| Идентификатор организации | NLR |
| Наименование фонда или коллекции (Sub-Location Identifier) | Э |
| Шифр хранения (Call Number) | ПлИр995/ОКТЛ-44 |
| Идентификатор единицы | Э040727 |
| 852 ## - МЕСТОНАХОЖДЕНИЕ И ШИФР ХРАНЕНИЯ | |
| Идентификатор организации | NLR |
| Наименование фонда или коллекции (Sub-Location Identifier) | Э |
| Шифр хранения (Call Number) | ПлИр995/ОКТЛ-44 |
| Идентификатор единицы | Э036029 |
| 856 #0 - МЕСТОНАХОЖДЕНИЕ ЭЛЕКТРОННЫХ РЕСУРОВ И ДОСТУП К НИМ | |
| Универсальный идентификатор ресурса (Uniform Resource Identifier) | http://vivaldi.nlr.ru/la000070498/view |
| 856 #1 - МЕСТОНАХОЖДЕНИЕ ЭЛЕКТРОННЫХ РЕСУРОВ И ДОСТУП К НИМ | |
| Универсальный идентификатор ресурса (Uniform Resource Identifier) | http://vivaldi.nlr.ru/la000070498/cover |
| 856 #2 - МЕСТОНАХОЖДЕНИЕ ЭЛЕКТРОННЫХ РЕСУРОВ И ДОСТУП К НИМ | |
| Универсальный идентификатор ресурса (Uniform Resource Identifier) | http://vivaldi.nlr.ru/la000070498/text |
| 901 ## - ДАННЫЕ ОБ ОБЪЕКТЕ ОЦИФРОВКИ | |
| -- | Изографические материалы |
| 942 ## - ДОПОЛНИТЕЛЬНЫЕ ЭЛЕМЕНТЫ ЗАПИСИ (АБИС) | |
| Тип экземпляра АБИС | Визуальный материал |
| 945 ## - Информацию об издании предоставили: | |
| Полное название организации, предоставившей материал | Российская национальная библиотека |
| 980 ## - КОЛЛЕКЦИЯ | |
| Название коллекции | Библиография Победы |
| 980 ## - КОЛЛЕКЦИЯ | |
| Название коллекции | Национальная библиография |
| 981 37 - КОЛЛЕКЦИЯ ЭЛЕКТРОННОЙ БИБЛИОТЕКИ | |
| Название коллекции | Ленинград в Великой Отечественной войне |
| 981 17 - КОЛЛЕКЦИЯ ЭЛЕКТРОННОЙ БИБЛИОТЕКИ | |
| Название коллекции | Изографические материалы |
| Название подколлекции | Плакаты |
Нет доступных экземпляров.